HRD Training and Development Voume 5 (Record no. 63309)
[ view plain ]
| 000 -LEADER | |
|---|---|
| fixed length control field | 00500nam a22001817a 4500 |
| 003 - CONTROL NUMBER IDENTIFIER | |
| control field | NUST - PNEC |
| 005 - DATE AND TIME OF LATEST TRANSACTION | |
| control field | 20170116180809.0 |
| 008 - FIXED-LENGTH DATA ELEMENTS--GENERAL INFORMATION | |
| fixed length control field | 150427b xxu||||| |||| 00| 0 eng d |
| 040 ## - CATALOGING SOURCE | |
| Transcribing agency | LIBRARY |
| 082 ## - DEWEY DECIMAL CLASSIFICATION NUMBER | |
| Classification number | 371.02 MAG |
| 100 ## - MAIN ENTRY--PERSONAL NAME | |
| 9 (RLIN) | 3225 |
| Personal name | Mager F.Robert, |
| 245 ## - TITLE STATEMENT | |
| Title | HRD Training and Development Voume 5 |
| Statement of responsibility, etc. | Robert F. Mager |
| 250 ## - EDITION STATEMENT | |
| Edition statement | - |
| 260 ## - PUBLICATION, DISTRIBUTION, ETC. | |
| Place of publication, distribution, etc. | India : |
| Name of publisher, distributor, etc. | New Delhi, |
| Date of publication, distribution, etc. | c 1999. |
| 300 ## - PHYSICAL DESCRIPTION | |
| Extent | 159 p . : |
| 650 ## - SUBJECT ADDED ENTRY--TOPICAL TERM | |
| 9 (RLIN) | 3226 |
| Topical term or geographic name entry element | HRD Training and Development Voume 5 |
| General subdivision | Gernal. |
| 942 ## - ADDED ENTRY ELEMENTS (KOHA) | |
| Source of classification or shelving scheme | |
| Koha item type | Book |
| Withdrawn status | Lost status | Source of classification or shelving scheme | Damaged status | Not for loan | Permanent Location | Current Location | Shelving location | Date acquired | Source of acquisition | Cost, normal purchase price | Total Checkouts | Full call number | Barcode | Date last seen | Cost, replacement price | Price effective from | Koha item type |
|---|---|---|---|---|---|---|---|---|---|---|---|---|---|---|---|---|---|
| Pakistan Navy Engineering College (PNEC) | Pakistan Navy Engineering College (PNEC) | 04/30/2004 | Paramount Publishing Enterprise | 371.10 | 371.02 MAG | PNECLIB-026608 | 04/27/2015 | 371.10 | 04/30/2004 | Book |
